Fundamentals of database systems
Clear explanations of theory and design, broad coverage of models and real systems, and an up-to-date introduction to modern database technologies result in a leading introduction to database systems. With fresh new problems and a new lab manual, students get more opportunities to practice the funda...
Salvato in:
| Autore principale: | |
|---|---|
| Natura: | Libro |
| Lingua: | Undetermined |
| Pubblicazione: |
New York
Addison Wesley
2007
|
| Soggetti: | |
| Tags: |
Aggiungi Tag
Nessun Tag, puoi essere il primo ad aggiungerne! !
|
| Thư viện lưu trữ: | Trung tâm Học liệu Trường Đại học Cần Thơ |
|---|
| LEADER | 01295nam a2200229Ia 4500 | ||
|---|---|---|---|
| 001 | CTU_153290 | ||
| 008 | 210402s9999 xx 000 0 und d | ||
| 020 | |c 15.40 | ||
| 082 | |a 005.74 | ||
| 082 | |b E48 | ||
| 100 | |a Elmasri, Ramez | ||
| 245 | 0 | |a Fundamentals of database systems | |
| 245 | 0 | |c Ramez Elmasri, Shamkant B. Navathe | |
| 260 | |a New York | ||
| 260 | |b Addison Wesley | ||
| 260 | |c 2007 | ||
| 520 | |a Clear explanations of theory and design, broad coverage of models and real systems, and an up-to-date introduction to modern database technologies result in a leading introduction to database systems. With fresh new problems and a new lab manual, students get more opportunities to practice the fundamentals of design and implementation. More real-world examples serve as engaging, practical illustrations of database concepts. The Fifth Edition maintains its coverage of the most popular database topics, including SQL, security, data mining, and contains a new chapter on web script programming for databases. | ||
| 526 | |a Cơ sở dữ liệu nâng cao,Cơ sở dữ liệu | ||
| 526 | |b CTK602,CT180 | ||
| 650 | |a Database management,Quản lý dữ liệu | ||
| 904 | |i Trọng Hiếu | ||
| 980 | |a Trung tâm Học liệu Trường Đại học Cần Thơ | ||